000 00836nam a22002777a 4500
001 BR9509782
003 BR-BrBNA
005 20230928094804.0
007 ta
008 230509b bl.||||| |||| 00| 0 por d
020 _aRecife, PE (Brazil)
040 _aBR-BrBNA
_bpor
_cBiblioteca Nacional de Agricultura
041 _a(Por)
072 _aF01; S01
_b1190
090 _ 1190 BR9509782
110 1 _aUniversidade Federal Rural de Pernambuco, Recife (Brasil). Depto. de Ciencias Domesticas
_911209
245 1 _aAcerola ou cereja das antilhas. A maior fonte natural de vitamina C 40 a 80 vezes mais vitamina C que o limao e laranja
260 3 _c1984.
300 _a[vp]
500 _a9 ref.
650 _aAcerola
650 _aNutricao Humana
650 _aPlantio
909 _a202309
_bLucia
_c55
_dLucia Elande
942 _cBK
999 _c52650
_d52650